岡山県の市町村(1960年) - Statistics

General Stats
  • This quiz has been taken 100 times
  • The average score is 77 of 98
Answer Stats
No. 市町村 備考 % Correct
1 岡山市 2009年政令指定
100%
2 倉敷市
100%
3 津山市
100%
11 高梁市
100%
12 新見市
100%
4 玉野市
96%
7 笠岡市
96%
28 和気郡 和気町
96%
9 井原市
95%
10 総社市
95%
5 児島市 1967年消滅
93%
39 都窪郡 早島町
93%
15 御津郡 建部町
91%
49 浅口郡 里庄町
91%
46 浅口郡 金光町 2006年消滅
89%
73 真庭郡 新庄村
89%
8 西大寺市 1969年消滅
88%
13 御津郡 御津町 2005年消滅
88%
51 小田郡 矢掛町
88%
52 小田郡 美星町 2005年消滅
88%
89 英田郡 西粟倉村
88%
6 玉島市 1967年消滅
86%
24 和気郡 日生町 2005年消滅
86%
82 苫田郡 鏡野町
86%
84 勝田郡 勝央町
86%
88 英田郡 東粟倉村 2005年消滅
86%
90 英田郡 美作町 2005年消滅
86%
96 久米郡 久米南町
86%
97 久米郡 久米町 2005年消滅
86%
18 赤磐郡 瀬戸町 2007年消滅
84%
19 赤磐郡 山陽町 2005年消滅
84%
25 和気郡 三石町 1971年消滅
84%
26 和気郡 吉永町 2005年消滅
84%
47 浅口郡 鴨方町 2006年消滅
84%
56 吉備郡 真備町 2005年消滅
84%
92 英田郡 英田町 2005年消滅
84%
33 児島郡 灘崎町 2005年消滅
82%
48 浅口郡 寄島町 2006年消滅
82%
60 上房郡 賀陽町 2004年消滅
82%
68 真庭郡 勝山町 2005年消滅
82%
85 勝田郡 奈義町
82%
21 赤磐郡 熊山町 2005年消滅
81%
29 邑久郡 牛窓町 2004年消滅
81%
44 都窪郡 清音村 2005年消滅
81%
45 浅口郡 船穂町 2005年消滅
81%
53 後月郡 芳井町 2005年消滅
81%
58 上房郡 有漢町 2004年消滅
81%
59 上房郡 北房町 2005年消滅
81%
71 真庭郡 久世町 2005年消滅
81%
17 御津郡 加茂川町 2004年消滅
79%
22 赤磐郡 吉井町 2005年消滅
79%
30 邑久郡 邑久町 2004年消滅
79%
31 邑久郡 長船町 2004年消滅
79%
61 川上郡 成羽町 2004年消滅
79%
74 真庭郡 川上村 2005年消滅
79%
27 和気郡 佐伯町 2006年消滅
77%
62 川上郡 川上町 2004年消滅
77%
66 阿哲郡 哲多町 2005年消滅
77%
98 久米郡 柵原町 2005年消滅
77%
20 赤磐郡 赤坂町 2005年消滅
75%
43 都窪郡 山手村 2005年消滅
75%
67 阿哲郡 哲西町 2005年消滅
75%
83 勝田郡 勝田町 2005年消滅
75%
23 和気郡 備前町 1971年消滅
74%
50 小田郡 小田町 1961年消滅
74%
77 苫田郡 加茂町 2005年消滅
74%
78 苫田郡 富村 2005年消滅
74%
80 苫田郡 上齋原村 2005年消滅
74%
87 英田郡 大原町 2005年消滅
74%
37 都窪郡 吉備町 1971年消滅
72%
40 都窪郡 妹尾町 1971年消滅
72%
70 真庭郡 湯原町 2005年消滅
72%
93 久米郡 中央町 2005年消滅
72%
69 真庭郡 落合町 2005年消滅
70%
91 英田郡 作東町 2005年消滅
70%
14 御津郡 一宮町 1971年消滅
68%
38 都窪郡 茶屋町 1972年消滅
68%
64 阿哲郡 大佐町 2005年消滅
68%
72 真庭郡 美甘村 2005年消滅
68%
94 久米郡 福渡町 1967年消滅
68%
35 児島郡 藤田村 1975年消滅
67%
55 吉備郡 足守町 1971年消滅
67%
65 阿哲郡 神郷町 2005年消滅
67%
79 苫田郡 奥津町 2005年消滅
67%
81 苫田郡 阿波村 2005年消滅
67%
95 久米郡 旭町 2005年消滅
67%
63 川上郡 備中町 2004年消滅
65%
76 真庭郡 中和村 2005年消滅
65%
75 真庭郡 八束村 2005年消滅
63%
16 御津郡 津高町 1971年消滅
61%
41 都窪郡 庄村 1971年消滅
61%
54 吉備郡 高松町 1971年消滅
61%
86 勝田郡 勝北町 2005年消滅
61%
32 上道郡 上道町 1971年消滅
56%
34 児島郡 興除村 1971年消滅
56%
36 児島郡 東児町 1974年消滅
54%
42 都窪郡 福田村 1971年消滅
51%
57 吉備郡 昭和町 1972年消滅
46%
No matching quizzes found
Score Distribution
Percent of People with Each Score
Percentile by Number Answered
Your Score History
You have not taken this quiz